000
00234 a2200097 4500
001
12662
100
_a
Riaz Ahmad syed
245
_a
Foreign office: Year Book 2004-05
260
_a
_b
Ministry of Foreign Affair
_c
090
_c
9659
_d
9659
942
_a
NUST-CAE
_c
_c
36554
999
_c
247735
_d
247735